Doing Teacher Research : (Record no. 12820)
[ view plain ]
| 000 -LEADER | |
|---|---|
| fixed length control field | 01051cam a22002774a 4500 |
| 001 - CONTROL NUMBER | |
| control field | 189658 |
| 005 - DATE AND TIME OF LATEST TRANSACTION | |
| control field | 19990928140438.0 |
| 008 - FIXED-LENGTH DATA ELEMENTS--GENERAL INFORMATION | |
| fixed length control field | 981216s1998 cau b 000 0 eng |
| 010 ## - LIBRARY OF CONGRESS CONTROL NUMBER | |
| LC control number | 98232092 |
| 020 ## - INTERNATIONAL STANDARD BOOK NUMBER | |
| International Standard Book Number | 0838479006 |
| 040 ## - CATALOGING SOURCE | |
| Original cataloging agency | DLC |
| Transcribing agency | DLC |
| Modifying agency | DLC |
| 042 ## - AUTHENTICATION CODE | |
| Authentication code | pcc |
| 050 00 - LIBRARY OF CONGRESS CALL NUMBER | |
| Classification number | LB1028.24 |
| Item number | .F74 1998 |
| 082 ## - DEWEY DECIMAL CLASSIFICATION NUMBER | |
| Edition number | 22 |
| Classification number | 370.72 |
| Item number | FRE |
| 100 1# - MAIN ENTRY--PERSONAL NAME | |
| Personal name | Freeman, Donald. |
| 9 (RLIN) | 8995 |
| 245 10 - TITLE STATEMENT | |
| Title | Doing Teacher Research : |
| Remainder of title | from Inquiry to Understanding / |
| Statement of responsibility, etc | Donald Freeman. |
| 260 ## - PUBLICATION, DISTRIBUTION, ETC. (IMPRINT) | |
| Place of publication, distribution, etc | Pacific Grove : |
| Name of publisher, distributor, etc | Heinle & Heinle, |
| Date of publication, distribution, etc | c1998. |
| 300 ## - PHYSICAL DESCRIPTION | |
| Extent | x, 258 p. : |
| Other physical details | ill. ; |
| Dimensions | 24 cm. |
| 440 #0 - | |
| -- | TeacherSource |
| -- | 8996 |
| 440 #0 - | |
| -- | Newbury House teacher development |
| -- | 8997 |
| 504 ## - BIBLIOGRAPHY, ETC. NOTE | |
| Bibliography, etc | Includes bibliographical references (p. 253-258). |
| 650 #0 - SUBJECT ADDED ENTRY--TOPICAL TERM | |
| Topical term or geographic name as entry element | Action research in education. |
| 9 (RLIN) | 8998 |
| 942 ## - ADDED ENTRY ELEMENTS (KOHA) | |
| Source of classification or shelving scheme | Dewey Decimal Classification |
| Item type | Book - Borrowing |
| Withdrawn status | Item status | Source of classification or shelving scheme | Damaged status | Not for loan | Vendor | Home library | Current library | Shelving location | Date acquired | Source of acquisition | Cost, normal purchase price | Serial Enumeration / chronology | Total Checkouts | Total Renewals | Full call number | Barcode | Date last seen | Date last borrowed | Koha item type |
|---|---|---|---|---|---|---|---|---|---|---|---|---|---|---|---|---|---|---|---|
| Dewey Decimal Classification | Baccah | Central Library | Central Library | First floor | 19/10/2009 | 146.00 | 8656 | 1 | 1 | 370.72 FRE | 000018419 | 15/07/2025 | 07/11/2023 | Book - Borrowing |